Kant felsefesinin politik evreni (Record no. 756)

MARC details
000 -BAŞLIK
Sabit Uzunlukta Kontrol Alanı 00905na a2200289 4500
001 - KONTROL NUMARASI
Denetim Alanı 23042
003 - KONTROL NUMARASI IDENTIFIER
Denetim Alanı MIRAKIL
005 - SON İŞLEM TARİHİ VE ZAMANI
Denetim Alanı 20181213154800.0
008 - SABİT-BOY VERİ ELEMANLARI - GENEL BİLGİLER
Sabit Uzunlukta Kontrol Alanı 170515b tu 000 0
020 ## - ULUSLARARASI STANDART KİTAP NUMARASI
Uluslararası Standart Kitap Numarası 9786053991571
035 ## - SİSTEM KONTROL NUMARASI
Sistem Kontrol Numarası 23042
040 ## - KATALOGLAMA KAYNAK
Orijinal Kataloglama Ajansı Milas
Kataloglama Dili tur
Metne Dönüştürmek Ajansı TR-AnCHP
041 ## - DİL KODU
Metin / Ses Parça Veya Ayrı Başlığın Dil Kodu tur
082 ## - DEWEY ONLU SINIFLANDIRMA NUMARASI
Sınıflandırma Numarası 142.3
Ürün Numarası K25 2010
090 ## - SINIFLAMA NUMARASI
Sınıflama Numarası 142.3 K25 2010
245 ## - BAŞLIK TABLOSU
Başlık Kant felsefesinin politik evreni
Sorumluluk Tablosu, Vb derleyen Hakan Çörekçioğlu
260 ## - YAYIN, DAĞITIM, VB
Yayın, Dağıtım, Vb Yeri İstanbul
Yayıncı, Dağıtıcı, Vs Adı İstanbul Bilgi Üniversitesi
Yayın, Dağıtım, Vb Tarihi 2010
Üretici Firma sena ofset
300 ## - FİZİKSEL TANIM
Kapsam 268 s.
Boyutlar 23 sm.
440 ## - SERİSİ TABLOSU / KATMA GİRİŞİ - BAŞLIK
Başlık İstanbul Bilgi Üniversitesi yayınları
Bir İşin Parçası / Bölüm Sayısı 307
490 ## - SERİSİ TABLOSU
Seri Beyanı Felsefe
Hacim / Ardışık Tanımı 10
504 ## - KAYNAKÇA VB NOT
Kaynakça Vb Notu Kaynakça ve dizin var.
600 ## - KONU KATMA GİRİŞ - KURUMSAL ADI
Kişisel Ad Kant,İmmanuel
Bir Adıyla İlişkilendirilen Tarihler 1724-1804
Genel Alt Bölümü Conhtributions in political science
650 ## - KONU KATMA GİRİŞ - TOPİKAL DÖNEM
Topikal Süreli Veya Coğrafi Ad Giriş Elemanı Siyaset Bilimi
Genel Alt Bölümü Felsefe
Kronolojik Alt Bölümü Tarih
-- 20. yüzyıl
650 ## - KONU KATMA GİRİŞ - TOPİKAL DÖNEM
Topikal Süreli Veya Coğrafi Ad Giriş Elemanı Siyaset bilimi
Genel Alt Bölümü Felsefe
700 ## - KATMA GİRİŞ - KİŞİSEL İSİM
Kişisel Ad Çörekçioğlu, Hakan
942 ## - EKLENDİ GİRİŞ ELEMANLARI (KOHA)
Sınıflandırma Veya Raf Düzeni Kaynak Dewey Decimal Classification
Koha Öğesi Türü Books
999 ## - SİSTEM KONTROL NUMARALARI (KOHA)
Koha Biblionumber 756
Koha Biblioitemnumber 756
Holdings
Kalıcı Konum Mevcut Konum Edinme Tarihi Edinim Kaynak Toplam Check-Out'Lar Tam Çağrı Numarası Barkod Tarih Son Görülme İtibaren Geçerli Fiyatlar Koha Öğesi Türü
CHP Kütüphanesi CHP Kütüphanesi 05/15/2017 Bağış   142.3 K25 2010 017002 05/15/2017 05/15/2017 Books